000 00623nam a2200181Ia 4500
003 GCL
008 140319s9999 xx 000 0 ara d
040 _aGCL /
_cGCL
082 0 4 _a398.22
_bع ت
100 1 _aعمر ابوالنصر
245 1 0 _aتغريبة بنى هلال ورحيلهم الى بلاد الغرب وحروبهم مع الزناتى خليفة /
_cعمر ابوالنصر
300 _a203 ص
490 _aالهيئة العامة للاستعلامات
_v0
650 0 4 _aالقبائل العربية
650 0 4 _aالبدو
650 0 4 _aالمجتمعات البدائية
942 _2ddc
_cBK
999 _c47376
_d47376